000 00435cam a22001457a 4500
008 180718b1988 xxu||||| |||| 00| 0 eng d
020 _a0631157468
082 _aB3 Se45
100 _aSeitz, John L.
245 _aPolitics of development: an introduction to global issues
_cby John L. Seitz
260 _aBombay
_bPopular
_c1988
300 _a194p.
650 _aEconomic policy- developing countries.
650 _aEconomic development
999 _c483416
_d483416